书目信息 |
| 题名: |
光电检测技术及应用
|
|
| 作者: | 周秀云 编著 | |
| 分册: | ||
| 出版信息: | 北京 电子工业出版社 2015.05 |
|
| 页数: | 295页 | |
| 开本: | 26cm | |
| 丛书名: | ||
| 单 册: | ||
| 中图分类: | TN274 | |
| 科图分类: | ||
| 主题词: | 光电检测--guang dian jian ce--高等学校--教材 | |
| 电子资源: | ||
| ISBN: | 978-7-121-25592-2 | |
| 000 | 01068nam0 2200277 450 | |
| 001 | 0106081808 | |
| 005 | 20201109083437.46 | |
| 010 | @a978-7-121-25592-2@dCNY45.00 | |
| 100 | @a20150814e20192015em y0chiy50 ea | |
| 101 | 0 | @achi |
| 102 | @aCN@b110000 | |
| 105 | @ay az 000yy | |
| 106 | @ar | |
| 200 | 1 | @a光电检测技术及应用@Aguang dian jian ce ji shu ji ying yong@f周秀云[等]编著 |
| 205 | @a2版 | |
| 210 | @a北京@c电子工业出版社@d2015.05@h2019.12 | |
| 215 | @a295页@d26cm | |
| 300 | @a普通高等教育“十二五”规划教材测试、计量技术与仪器系列规划教材 | |
| 304 | @a编著者还有:张涛、尹伯彪、黄建国编著 | |
| 320 | @a有书目(第294-295页) | |
| 330 | @a本书主要内容包括理论基础、各类电光与光电器件、光电变换检测技术与方法、典型应用等4部分,共12章:光电检测系统与技术概述、光电检测光源、光电检测中的光学变换、光电探测器及光电导探测器、光伏特探测器、光电发射器件等。 | |
| 606 | 0 | @a光电检测@Aguang dian jian ce@x高等学校@j教材 |
| 690 | @aTN274@v5 | |
| 701 | 0 | @a周秀云@Azhou xiu yun@4编著 |
| 801 | 0 | @aCN@bBJSZM@c20201106 |
| 905 | @b1191672-5@dTN274@e143=2@f4 | |
| 光电检测技术及应用/周秀云[等]编著.-2版.-北京:电子工业出版社,2015.05(2019.12) |
| 295页;26cm |
| 普通高等教育“十二五”规划教材测试、计量技术与仪器系列规划教材 |
| ISBN 978-7-121-25592-2:CNY45.00 |
| 本书主要内容包括理论基础、各类电光与光电器件、光电变换检测技术与方法、典型应用等4部分,共12章:光电检测系统与技术概述、光电检测光源、光电检测中的光学变换、光电探测器及光电导探测器、光伏特探测器、光电发射器件等。 |
| ● |
| 相关链接 |
|
|
|
|
正题名:光电检测技术及应用
索取号:TN274/143=2
 
预约/预借
| 序号 | 登录号 | 条形码 | 馆藏地/架位号 | 状态 | 备注 |
| 1 | 1191672 | 211916729 | 第二样本阅览室/ [索取号:TN274/143=2] | 在馆 | |
| 2 | 1191673 | 211916738 | 第三借阅区/ [索取号:TN274/143=2] | 在馆 | |
| 3 | 1191674 | 211916747 | 第三借阅区/ [索取号:TN274/143=2] | 在馆 | |
| 4 | 1191675 | 211916756 | 第三借阅区/ [索取号:TN274/143=2] | 在馆 |